Routledge encyclopedia of translation studies (Record no. 911795)

MARC details
000 -LEADER
fixed length control field 00916nam a2200289Ia 4500
003 - CONTROL NUMBER IDENTIFIER
control field OSt
005 - DATE AND TIME OF LATEST TRANSACTION
control field 20221002045118.0
008 - FIXED-LENGTH DATA ELEMENTS--GENERAL INFORMATION
fixed length control field 220930b |||||||| |||| 00| 0 eng d
020 ## - INTERNATIONAL STANDARD BOOK NUMBER
International Standard Book Number 9780415609845 (pbk)
037 ## - SOURCE OF ACQUISITION
Terms of availability Reference Collections
040 ## - CATALOGING SOURCE
Original cataloging agency CRL
Transcribing agency CRL
Language of cataloging eng
041 ## - LANGUAGE CODE
Source of code eng
Language code of text/sound track or separate title eng
100 ## - MAIN ENTRY--PERSONAL NAME
Personal name Baker Mona Ed.
245 #0 - TITLE STATEMENT
Title Routledge encyclopedia of translation studies
250 ## - EDITION STATEMENT
Edition statement 2nd
260 ## - PUBLICATION, DISTRIBUTION, ETC.
Place of publication, distribution, etc. London
Name of publisher, distributor, etc. Routledge UK
Date of publication, distribution, etc. 2009
300 ## - PHYSICAL DESCRIPTION
Extent xxii,672p.
Dimensions cm.
500 ## - GENERAL NOTE
General note FYUP FC AL
650 ## - SUBJECT ADDED ENTRY--TOPICAL TERM
Topical term or geographic name entry element LINGUISTICS
700 ## - ADDED ENTRY--PERSONAL NAME
Personal name Saldanha Gabriela Ed.
942 ## - ADDED ENTRY ELEMENTS (KOHA)
Classification part P:795k, N8;P9(RR)
Koha item type
Source of classification or shelving scheme Colon Classification (CC)

No items available.

Copyright @ Delhi University Library System